Actors who worked with Marc Webb - Statistics

General Stats
  • This quiz has been taken 8 times
  • The average score is 15 of 50
Answer Stats
Films Answer % Correct
The Amazing Spider-Man, The Amazing Spider-Man 2 Andrew Garfield
100%
The Amazing Spider-Man, The Amazing Spider-Man 2 Emma Stone
100%
Gifted Chris Evans
60%
Snow White Gal Gadot
60%
The Amazing Spider-Man 2 Jamie Foxx
60%
The Amazing Spider-Man Rhys Ifans
60%
(500) Days of Summer Chloe Grace Moretz
40%
The Amazing Spider-Man 2 Dane DeHaan
40%
The Amazing Spider-Man Denis Leary
40%
The Amazing Spider-Man Irrfan Khan
40%
The Only Living Boy in New York Jeff Bridges
40%
(500) Days of Summer Joseph Gordon-Levitt
40%
The Amazing Spider-Man Martin Sheen
40%
Gifted Mckenna Grace
40%
The Amazing Spider-Man 2 Paul Giamatti
40%
The Only Living Boy in New York Pierce Brosnan
40%
Snow White Rachel Zegler
40%
(500) Days of Summer Zooey Deschanel
40%
Snow White Andrew Barth Feldman
20%
Snow White Ansu Kabia
20%
The Amazing Spider-Man 2 B. J. Novak
20%
The Only Living Boy in New York Callum Turner
20%
The Amazing Spider-Man, The Amazing Spider-Man 2 Campbell Scott
20%
The Amazing Spider-Man 2 Colm Feore
20%
The Only Living Boy in New York Cynthia Nixon
20%
Gifted Elizabeth Marvel
20%
The Amazing Spider-Man, The Amazing Spider-Man 2 Embeth Davidtz
20%
The Amazing Spider-Man 2 Felicity Jones
20%
(500) Days of Summer Geoffrey Arend
20%
Snow White George Salazar
20%
Gifted Glenn Plummer
20%
Gifted Jenny Slate
20%
Snow White Jeremy Swift
20%
The Only Living Boy in New York Kate Beckinsale
20%
The Only Living Boy in New York Kiersey Clemons
20%
Gifted Lindsay Duncan
20%
The Amazing Spider-Man 2 Louis Cancelmi
20%
Snow White Martin Klebba
20%
The Amazing Spider-Man 2 Marton Csokas
20%
(500) Days of Summer Matthew Gray Gubler
20%
The Amazing Spider-Man, The Amazing Spider-Man 2 Max Charles
20%
(500) Days of Summer Minka Kelly
20%
Gifted Octiavia Spencer
20%
The Amazing Spider-Man, The Amazing Spider-Man 2 Sally Field
20%
The Only Living Boy in New York Tate Donovan
20%
The Only Living Boy in New York Wallace Shawn
20%
Snow White Andrew Burnap
0%
Snow White Jason Kravits
0%
The Amazing Spider-Man 2 Michael Massee
0%
Snow White Tituss Burgess
0%
No matching quizzes found
Score Distribution
Percent of People with Each Score
Percentile by Number Answered
Your Score History
You have not taken this quiz